[Event "Negombo op 3rd"]
[Site "Negambo"]
[Date "2017.08.22"]
[Round "5"]
[White "Kiriella, KG Gimantha Gayasha"]
[Black "Bandara, AJKD"]
[Result "0-1"]
[WhiteElo "1417"]
[BlackElo "1750"]
[PlyCount "81"]
[EventDate "2017.08.20"]
[EventType "swiss"]
[EventRounds "10"]
[EventCountry "SRI"]
[SourceTitle "CBM 180 Extra"]
[Source "ChessBase"]
[SourceDate "2017.10.06"]
[SourceVersion "1"]
[SourceVersionDate "2017.10.06"]
[SourceQuality "1"]

1. e4 c5 2. Nf3 d6 3. d4 cxd4 4. Nxd4 Nf6 5. Nc3 a6 6. Bg5 e6 7. Bd3 Be7 8. Qd2 Nbd7 9. Nb3 b5 10. a3 Bb7 11. 0-0 Qc7 12. Rac1 Nc5 13. Rfe1 h6 14. Bf4 e5 15. Bg3 Nh5 16. Nd5 Bxd5 17. exd5 0-0 18. Nxc5 Qxc5 19. b4 Qc7 20. c4 Bg5 21. Qe2 Nxg3 22. hxg3 Bxc1 23. Rxc1 f5 24. f3 a5 25. c5 axb4 26. axb4 Ra4 27. Qd2 Qb7 28. cxd6 Qb6+ 29. Kh2 Qxd6 30. Rc5 Ra1 31. Rc6 Qe7 32. Qb2 Qa7 33. Rc5 Re1 34. Bxb5 Qf7 35. g4 fxg4 36. Rc3 g3+ 37. Kxg3 Qf4+ 38. Kf2 Qh4+ 39. g3 Qh1 40. f4 e4 41. Bf1 0-1